Diamantové a kvázidiamantové vrstvy a ich aplikácie v elektronike
Saved in:
| Main Author: | |
|---|---|
| Other Authors: | |
| Format: | Manuscript Book |
| Language: | Slovak |
| Published: |
Bratislava :
STU v Bratislave FEI,
2009
|
| Subjects: | |
| Tags: |
No Tags, Be the first to tag this record!
|
MARC
| LEADER | 00000ntm a22000003a 4500 | ||
|---|---|---|---|
| 001 | stu195324 | ||
| 005 | 20150617230022.1 | ||
| 008 | 091102s2006------------------------slo-d | ||
| 040 | |a STU |b slo | ||
| 041 | 0 | |a slo | |
| 100 | 1 | |a Gábriš, Peter, |d 1981- |4 aut |u E |T FEI Fakulta elektrotechniky a informatiky |X 10931 |U E |Y 30 |7 A000010931 | |
| 245 | 1 | |a Diamantové a kvázidiamantové vrstvy a ich aplikácie v elektronike | |
| 260 | |a Bratislava : |b STU v Bratislave FEI, |c 2009 | ||
| 300 | |a 61 s | ||
| 650 | 7 | |a elektronika |2 stusub | |
| 650 | 7 | |a Mikroelektronika |2 stusub | |
| 650 | 7 | |a diamantové vrstvy |2 stusub | |
| 650 | 7 | |a kvázidiamantové vrstvy |2 stusub | |
| 700 | 1 | |a Vojs, Marian, |d 1979- |4 ths |u E030 |U FEI Fakulta elektrotechniky a informatiky |T FEI Ústav elektroniky a fotoniky |X 2979 |U E030 |Y 549 |7 A000002979 | |